01438nab a22002657a 4500999001500000003000400015005001700019008004100036040000700077100002900084245017900113260007200292300001400364500003900378505021900417505013400636505008900770650002600859650003000885650003600915650004000951650002500991773014301016942001301159 c5990d5990OSt20260115183450.0190605e xxu||||| |||| 00| 0 spa d cPJ 95129aSfeir, Santiago L.13aEl fraude laboral consensuado. ¿Un nuevo paradigma frente a la dicotomía existente entre la autonomía de la voluntad y el orden público laboral? /cSantiago L. Sfeir.  aCiudad Autónoma de Buenos Aires :bThomson Reuters La Ley,c2022. ap. 114-18 aCita: TR LALEY AR/DOC/3162/2022.  aSumario: I. Introducción.— II. El fraude consentido por el trabajador y el principio de autonomía de la voluntad.— III. Comentarios finales. Una nueva realidad para las relaciones individuales del trabajo.  aFallo comentado: CNTrab., sala VI ~ 10/08/2022 ~ Petit de Meurville, Javier Eduardo c. Gimnasios Argentinos SA y otro s/ despido. t¿Te interesa el texto completo? Solicitalo al correo: koha@justierradelfuego.gov.ar 091316aDERECHO LABORAL 091323aCONTRATO DE TRABAJO 094428aRELACIÓN DE DEPENDENCIA 096564aRESPONSABILIDAD DEL EMPLEADOR 096170aFRAUDE LABORAL0 0271193168dCiudad Autónoma de Buenos Aires : Thomson Reuters La Ley, 1999-2002.tRevista de derecho del trabajo. Nº 6 - Noviembre 2022 2udccANA